Пути реализации нефтегазового потенциала ХМАО: шестая научно-практическая конференция, 11-15 ноября 2002 г., Ханты-Мансийск

Dades bibliogràfiques
Autor corporatiu: Научно-аналитический центр рационального недропользования им. В. И. Шпильмана (570), Пути реализации нефтегазового потенциала Ханты-Мансийского автономного округа
Altres autors: Карасев В. И. (редактор), Ахпателов Э. А., Волков В. А.
Idioma:rus
Publicat: Ханты-Мансийск, ИздатНаукаСервис, 2003
Format: MixedMaterials Llibre
KOHA link:https://koha.lib.tpu.ru/cgi-bin/koha/opac-detail.pl?biblionumber=139553

MARC

LEADER 00000nam0a2200000 4500
001 139553
005 20231101220813.0
035 |a (RuTPU)RU\TPU\book\151181 
090 |a 139553 
100 |a 20080609d2003 km y0rusy50 ca 
101 0 |a rus 
102 |a RU 
105 |a a z 101zy 
200 1 |a Пути реализации нефтегазового потенциала ХМАО  |e шестая научно-практическая конференция, 11-15 ноября 2002 г., Ханты-Мансийск  |f Научно-аналитический центр рационального недропользования им. В. И. Шпильмана ; под ред. В. И. Карасева ; Э. А. Ахпателова ; В. А. Волкова 
210 |a Ханты-Мансийск  |c ИздатНаукаСервис  |d 2003 
702 1 |a Карасев  |b В. И.  |4 340 
702 1 |a Ахпателов  |b Э. А.  |4 340 
702 1 |a Волков  |b В. А.  |4 340 
712 0 2 |a Научно-аналитический центр рационального недропользования им. В. И. Шпильмана  |c (Тюмень, Ханты-Мансийск)  |2 stltpush  |3 (RuTPU)RU\TPU\col\21686  |9 28108 
712 1 2 |a Пути реализации нефтегазового потенциала Ханты-Мансийского автономного округа  |c конференция  |d 6  |e Ханты-Мансийск  |f 2002  |4 570 
801 1 |a RU  |b 63413507  |c 20080609  |g PSBO 
801 2 |a RU  |b 63413507  |c 20190213  |g PSBO 
942 |c BK